al-Masʼūlīyah al-madanīyah wa-al-jināʼīyah lil-ṣuḥufī : fiqhan wa-qaḍāʼan /
Saved in:
| Main Author: | |
|---|---|
| Format: | Book |
| Language: | Arabic |
| Published: |
al-Iskandarīyah :
Dār al-Fikr al-Jāmiʻī,
2003.
|
| Edition: | al-Ṭabʻah 1. |
| Subjects: | |
| Tags: |
Add Tag
No Tags, Be the first to tag this record!
|
| LEADER | 01229nam a2200313 a 4500 | ||
|---|---|---|---|
| 001 | 009100768-2 | ||
| 005 | 20130107073818.0 | ||
| 008 | 030206s2003 ua 000 0 ara | ||
| 010 | |a 2003346305 | ||
| 035 | 0 | |a ocn123022357 | |
| 040 | |a DLC-R |b eng |c DLC |d DGU | ||
| 042 | |a lccopycat | ||
| 043 | |a f-ua--- | ||
| 050 | 0 | 0 | |a KRM3504.3 |b .A946 2003 |
| 100 | 1 | |6 880-01 |a Aḥmad, Ibrāhīm Sayyid. | |
| 245 | 1 | 3 | |6 880-02 |a al-Masʼūlīyah al-madanīyah wa-al-jināʼīyah lil-ṣuḥufī : |b fiqhan wa-qaḍāʼan / |c iʻdād Ibrāhīm Sayyid Aḥmad. |
| 250 | |6 880-03 |a al-Ṭabʻah 1. | ||
| 260 | |6 880-04 |a al-Iskandarīyah : |b Dār al-Fikr al-Jāmiʻī, |c 2003. | ||
| 300 | |a 110 p. ; |c 24 cm. | ||
| 650 | 0 | |a Journalists |z Egypt. | |
| 650 | 0 | |a Liability (Law) |z Egypt. | |
| 650 | 0 | |a Liability (Islamic law) |z Egypt. | |
| 650 | 0 | |a Criminal liability |z Egypt. | |
| 880 | 1 | |6 100-01 |a أحمد، إبراهيم سيد. | |
| 880 | 1 | 2 | |6 245-02 |a المسئولية المدنية والجنائية للصحفي : |b فقها وقضاء / |c إعداد إبراهيم سيد أحمد. |
| 880 | |6 250-03 |a الطبعة 1. | ||
| 880 | |6 260-04 |a الإسكندرية : |b دار الفكر الجامعي، |c 2003. | ||
| 988 | |a 20030507 | ||
| 906 | |0 OCLC | ||


